Statystyki dla Top 10 amerykańskich państw po linii brzegowej

Kliknij tutaj aby rozwiązać quiz!

Ogólne statystyki

  • Ten quiz został rozwiązany 12 736 razy
  • Średni wynik to 8 z 10

Statystyki odpowiedzi

kmPaństwo% Poprawnych
137,000Kanada
99%
15,600Meksyk
97%
67,100Stany Zjednoczone
95%
18,700Brazylia
91%
31,300Chile
89%
5,910Argentyna
87%
3,560Kolumbia
80%
5,480Wenezuela
76%
5,750Kuba
75%
3,780Bahamy
36%

Rozkład punktacji

Percentyl według liczby udzielonych odpowiedzi

Procent ludzi z każdym wynikiem

Twoja historia wyników

Nie rozwiązałeś tego quizu